000 00757nam a22002657a 4500
001 BR7805575
003 BR-BrBNA
005 20230928085715.0
007 ta
008 230509b bl.||||| |||| 00| 0 por d
040 _aBR-BrBNA
_bpor
_cBiblioteca Nacional de Agricultura
041 _a(Por)
072 _aE30; L00
_b5214
_b/G514
090 _ 5214 BR7805575
110 1 _aSecretaria da Agricultura de Pernambuco, Recife (Brasil)
_98190
245 1 _aPre-projeto pecuaria leiteira [Pernambuco; Brasil]
260 3 _aRecife, PE (Brasil):
_c[nd].
300 _a9 p.
500 _aPublished 1978?
650 _aPROJETO DE DESENVOLVIMENTO
650 _aGADO LEITEIRO
650 _aPERNAMBUCO
909 _a202309
_bLucia
_c55
_dLucia Elande
942 _cBK
999 _c25894
_d25894